| 000 | 00372pab a2200121 454500 | ||
|---|---|---|---|
| 008 | 180718b xxu||||| |||| 00| 0 eng d | ||
| 100 | _aDobel J. Patrick | ||
| 245 | _aThe moral realities of public life: some insights of fiction | ||
| 362 | _a22(2), Jun 1992, p.127-43 | ||
| 650 | _aPublic Administration | ||
| 773 | _aAmerican Review of Public Administration | ||
| 909 | _a27549 | ||
| 999 |
_c27549 _d27549 |
||